Águas perigosas (Registo nº 1771)

Detalhes MARC
000 -Etiqueta do registo
Cabeçalho 00785nam a22002771 4500
005 - Identificador da versão
Campo de controlo 20240813121916.0
010 ## - Número internacional normalizado dos livros (ISBN)
Número (ISBN) 9282316696
100 ## - Dados gerais de processamento
Dados gerais de processamento 20070508d2002 emmy0pory5003 ba
102 ## - Pais de publicação ou produção
País de publicação Luxemburgo
101 0# - Língua de publicação
Língua do texto, banda sonora, etc. Português
106 ## - Campo de dados codificados: material textual
Dados codificados do material textual r
105 ## - Campo de dados codificados: livros
Dados codificados dos livros a t 000zy
215 ## - Descrição física 
Indicação específica da natureza do documento e extensão da espécie 40 p.
Outras indicações físicas todo il.
Dimensões 30 cm
200 1# - Titulo e menção de responsabilidade
Título próprio Águas perigosas
Primeira menção de responsabilidade D. David, C. Cuadra, R. Miel
210 ## - Publicação, Distribuição, etc. 
Lugar da edição, distribuição, etc. [Luxemburgo]
Nome do editor, distribuidor, etc. Parlamento Europeu
Data da publicação, distribuição, etc. cop. 2002
606 ## - Nome comum usado como assunto
Número de registo de entrada de autoridade 0000265
Palavra de ordem Literatura portuguesa juvenil
Subdivisão de assunto Banda desenhada
675 ## - Classificação Decimal Universal (CDU)
Notação 821.134.3-9
Edição
Língua da edição por
701 #1 - Nome de autor-pessoa física (co-responsabilidade principal)
Palavra de ordem Cuandra
Outra parte do nome não tomada para palavra de ordem Cristina
Código de função Autor / Co-autor
Palavra de ordem Miel
Outra parte do nome não tomada para palavra de ordem Rudi
Código de função Autor / Co-autor
700 #1 - Nome de autor-pessoa física (responsabilidade principal)
Número de registo de entrada de autoridade 0000275
Palavra de ordem David
Outra parte do nome não tomada para palavra de ordem Dominique
942 ## - Elementos de entrada adicionados (Koha)
Tipo de item no Koha Livro
Exemplares
Situação do levantamento Origin of item (home branch) (coded) Biblioteca de empréstimo Código de barras Cota Circulation type (not for loan) Tipo de documento Nota do exemplar Damaged status
  Biblioteca Escolar da Coca Maravilhas Biblioteca Escolar da Coca Maravilhas BECM6323/04 8BD DAV   Livro Sem mensagem  
  Biblioteca Escolar da Coca Maravilhas Biblioteca Escolar da Coca Maravilhas BECM7904/07 8BD DAV   Livro Sem mensagem